|
|
|
|
| LEADER |
00000nam0a2200000 4500 |
| 001 |
67094 |
| 005 |
20231031073329.0 |
| 010 |
|
|
|a 5940571190
|
| 035 |
|
|
|a (RuTPU)RU\TPU\book\71454
|
| 090 |
|
|
|a 67094
|
| 100 |
|
|
|a 20040913d2003 m y0rusy50 ca
|
| 101 |
0 |
|
|a rus
|
| 102 |
|
|
|a RU
|
| 105 |
|
|
|a a j 001zy
|
| 200 |
1 |
|
|a Расширяя границы Вселенной: история астрономии в задачах
|e учебно-методическое пособие
|f Е. Б. Гусев, В. Г. Сурдин
|
| 210 |
|
|
|a Москва
|c МЦНМО
|d 2003
|
| 215 |
|
|
|a 176 с.
|c ил.
|
| 320 |
|
|
|a Библиогр.: с. 174-176
|
| 320 |
|
|
|a Указатель терминов: с. 162-173
|
| 610 |
1 |
|
|a астрономия
|
| 610 |
1 |
|
|a история
|
| 610 |
1 |
|
|a задачи
|
| 610 |
1 |
|
|a Вселенная
|
| 610 |
1 |
|
|a учебно-методические пособия
|
| 610 |
1 |
|
|a зарождение
|
| 610 |
1 |
|
|a инструменты
|
| 610 |
1 |
|
|a методы исследования
|
| 610 |
1 |
|
|a звездный мир
|
| 610 |
1 |
|
|a Солнечная система
|
| 610 |
1 |
|
|a заблуждения
|
| 675 |
|
|
|a 52(09)(072)
|v 3
|
| 700 |
|
1 |
|a Гусев
|b Е. Б.
|g Евгений Борисович
|
| 701 |
|
1 |
|a Сурдин
|b В. Г.
|g Владимир Георгиевич
|
| 801 |
|
1 |
|a RU
|b 63413507
|c 20040913
|g PSBO
|
| 801 |
|
2 |
|a RU
|b 63413507
|c 20051213
|g PSBO
|
| 942 |
|
|
|c BK
|
| 959 |
|
|
|a 118/20040908
|d 2
|e 91,63
|f ЧЗТЛ:2
|